Most Capped International Footballers for Cote d'Ivoire - Statistics

General Stats
  • This quiz has been taken 90 times
    51 since last reset
  • The average score is 9 of 26
Answer Stats
# Caps Years Answer % Correct
4 105 2002-2014 Didier Drogba
98%
2 120 2000-2015 Kolo Touré
98%
5 101 2004-2015 Yaya Touré
98%
7 96 2007-2017 Salomon Kalou
60%
8 91 2013- Serge Aurier
56%
14 78 2014- Franck Kessié
49%
11 86 2007-2021 Gervinho
49%
1 123 2000-2014 Didier Zokora
47%
15 77 2004-2013 Emmanuel Eboué
37%
3 110 2011- Max-Alain Gradel
33%
19 61 1992-2002 Ibrahima Koné
26%
21 58 2013-2022 Serey Dié
26%
22 57 2010-2019 Wilfried Bony
26%
10 88 2004-2015 Arthur Boka
23%
11 86 2000-2015 Boubacar Barry
23%
9 90 1984-1996 Abdoulaye Traoré
21%
16 73 2000-2012 Abdul Kader Keïta
19%
25 55 2015- Jean-Michaël Seri
19%
6 100 2000-2015 Siaka Tiéné
19%
18 62 2000-2010 Aruna Dindane
16%
24 56 1987-2000 Alain Gouaméné
7%
17 69 1987-1996 Basile Aka Kouamé
7%
22 57 1990-2002 Losseni Konaté
7%
19 61 2013-2021 Sylvain Gbohouo
7%
13 81 1993-2006 Tchiressoua Guel
7%
25 55 1987-1996 Arsène Hobou
2%
No matching quizzes found
Score Distribution
Percent of People with Each Score
Percentile by Number Answered
Your Score History
You have not taken this quiz since the last reset